| 000 | 00977nas a2200313 4500 | ||
|---|---|---|---|
| 001 | BR2014002684 | ||
| 003 | BR-BrBNA | ||
| 005 | 20231205123951.0 | ||
| 007 | ta | ||
| 008 | 230509b bl.|||p| |||| 00| 00por d | ||
| 040 |
_aBR-BrBNA _bpor _cBiblioteca Nacional de Agricultura |
||
| 041 | _a(Pt) | ||
| 072 | _aF70 | ||
| 100 | 1 | _aHiguchi, P. | |
| 100 | 1 | _aSilva, A.C. da | |
| 100 | 1 | _aBudke, J.C. | |
| 100 | 1 | _aMantovani, A. | |
| 100 | 1 | _aBortoluzzi, R.L. da C. | |
| 100 | 1 | _aZiger, A.A. | |
| 245 | 1 | _aInfluência do clima e de rotas migratórias de espécies arbóreas sobre o padrão fitogeográfico de florestas na região sul do Brasil | |
| 650 | _aFLORESTA | ||
| 650 | _aCLIMA | ||
| 650 | _aLEVANTAMENTO POPULACIONAL | ||
| 650 | _aCOMPOSIÇÃO BOTÂNICA | ||
| 650 | _aSUL | ||
| 773 | 0 |
_tCiência Florestal (Brazil) _xISSN 0103-9954 _g(Oct-Dec 2013), v. 23(4) p. 539-553 _wBR2014002684 |
|
| 909 |
_a202311 _bLúcia _c55 _dLúcia Elande |
||
| 942 |
_2AGRIS _n0 _cANA |
||
| 999 |
_c236657 _d236657 |
||